<?xml version="1.0" encoding="UTF-8"?>
<record
    xmlns:xsi="http://www.w3.org/2001/XMLSchema-instance"
    xsi:schemaLocation="http://www.loc.gov/MARC21/slim http://www.loc.gov/standards/marcxml/schema/MARC21slim.xsd"
    xmlns="http://www.loc.gov/MARC21/slim">

  <leader>02759nam a22002537a 4500</leader>
  <controlfield tag="005">20240305165639.0</controlfield>
  <controlfield tag="007">cr||||   |||| </controlfield>
  <controlfield tag="008">220819s2020    pe |||||s|||| 00||0 spa d</controlfield>
  <datafield tag="020" ind1=" " ind2=" ">
    <subfield code="a">9786123251239</subfield>
  </datafield>
  <datafield tag="035" ind1=" " ind2=" ">
    <subfield code="a">36897</subfield>
  </datafield>
  <datafield tag="040" ind1=" " ind2=" ">
    <subfield code="a">vLex</subfield>
  </datafield>
  <datafield tag="090" ind1=" " ind2=" ">
    <subfield code="c">13757</subfield>
    <subfield code="d">13757</subfield>
  </datafield>
  <datafield tag="100" ind1="1" ind2=" ">
    <subfield code="a">Celano, Bruno</subfield>
  </datafield>
  <datafield tag="245" ind1="1" ind2="3">
    <subfield code="a">Los derechos en el Estado constitucional</subfield>
    <subfield code="h">[Recurso electr&#xF3;nico] /</subfield>
    <subfield code="c">Bruno Celano</subfield>
  </datafield>
  <datafield tag="256" ind1=" " ind2=" ">
    <subfield code="a">Servicio en l&#xED;nea</subfield>
  </datafield>
  <datafield tag="260" ind1=" " ind2=" ">
    <subfield code="a">Lima:</subfield>
    <subfield code="b">Palestra Editores,</subfield>
    <subfield code="c">2020</subfield>
  </datafield>
  <datafield tag="300" ind1=" " ind2=" ">
    <subfield code="a">1 recurso electr&#xF3;nico</subfield>
  </datafield>
  <datafield tag="500" ind1=" " ind2=" ">
    <subfield code="a">En la presente obra, el autor propone cumplir con dos objetivos. En primer lugar, busca proveer un cuadro global del conjunto de los derechos fundamentales en los actuales Estados constitucionales, y de los problemas conceptuales, te&#xF3;ricos y normativos que ellos originan. En segundo lugar, plantea la defensa de una visi&#xF3;n particular de dicho conjunto. Como sostiene el autor, se trata de una visi&#xF3;n seg&#xFA;n la cual los derechos, principios y valores reconocidos por las Constituciones contempor&#xE1;neas son heterog&#xE9;neos, ampliamente indeterminados, a menudo conflictivos, o rec&#xED;procamente inconmensurables, lo que hace necesario, en el &#xE1;mbito de la interpretaci&#xF3;n y aplicaci&#xF3;n, determinaciones, trade-offs y ponderaciones. Con estos objetivos en mente, la presente obra se estructura de la siguiente manera: el primer cap&#xED;tulo est&#xE1; dedicado a la reconstrucci&#xF3;n de la principal l&#xED;nea de desarrollo en torno al an&#xE1;lisis de la noci&#xF3;n de derecho en la teor&#xED;a del derecho anglosajona de la segunda mitad del siglo XX, que va de H.L.A. Hart a J. Raz. En el segundo cap&#xED;tulo, el autor aborda el problema de si resulta razonable y posible una regulaci&#xF3;n de los derechos fundamentales que se limite a establecer pocos derechos, definidos de forma precisa y un&#xED;voca, para luego ser aplicable solo a casos predeterminados en los que estos derechos sean vulnerados. Los siguientes dos cap&#xED;tulos versan, respectivamente, sobre la estructura de los derechos, principios y valores constitucionalmente reconocidos, y los problemas institucionales vinculados a la determinaci&#xF3;n y aplicaci&#xF3;n de aquellos. El volumen se cierra con un di&#xE1;logo entre el autor y el profesor Atienza sobre las dificultades/posibilidades del positivismo en el contexto del Estado constitucional.</subfield>
  </datafield>
  <datafield tag="506" ind1="1" ind2=" ">
    <subfield code="a">Disponible solo en los productos indicados</subfield>
    <subfield code="d">vLex Global</subfield>
    <subfield code="d">vLex Global (Academic Edition, excluding Law Schools)</subfield>
    <subfield code="d">vLex Global (U.S. Academic Edition, Law Schools)</subfield>
    <subfield code="d">vLex Global (U.S. Academic Edition, excluding Law Schools)</subfield>
    <subfield code="d">vLex Global (Academic Edition, Law Schools)</subfield>
  </datafield>
  <datafield tag="650" ind1="0" ind2="4">
    <subfield code="a">Derecho Constitucional</subfield>
    <subfield code="z">Per&#xFA;</subfield>
  </datafield>
  <datafield tag="740" ind1="0" ind2=" ">
    <subfield code="a">vLex Libros (Servicio en l&#xED;nea)</subfield>
  </datafield>
  <datafield tag="856" ind1="4" ind2="0">
    <subfield code="u">https://app.vlex.com/#/sources/36897</subfield>
  </datafield>
  <datafield tag="942" ind1=" " ind2=" ">
    <subfield code="c">RAA</subfield>
  </datafield>
  <datafield tag="952" ind1=" " ind2=" ">
    <subfield code="0">0</subfield>
    <subfield code="1">0</subfield>
    <subfield code="4">0</subfield>
    <subfield code="7">0</subfield>
    <subfield code="8">VLEX</subfield>
    <subfield code="9">329913</subfield>
    <subfield code="a">BD-UIN</subfield>
    <subfield code="b">BD-UIN</subfield>
    <subfield code="d">2024-03-05</subfield>
    <subfield code="l">0</subfield>
    <subfield code="p">36897</subfield>
    <subfield code="r">2024-03-05</subfield>
    <subfield code="w">2024-03-05</subfield>
    <subfield code="y">RAA</subfield>
  </datafield>
  <datafield tag="999" ind1=" " ind2=" ">
    <subfield code="c">171993</subfield>
    <subfield code="d">171993</subfield>
  </datafield>
</record>
